Sports Quiz

Random Sports Quiz
Score 0/16 Timer 02:00
0 Plays Today
Hint Answer % Correct
In a state that borders Missouri or OklahomaFC Dallas
80.6%
Has 20,000-21,000 capicityFC Dallas
80.6%
Has only won once the Supporter's Shield and is still currentFC Dallas
80.6%
In a state that borders Missouri or OklahomaHouston Dynamo
75%
One of First 5 current expansion teamsHouston Dynamo
75%
In a state that borders Missouri or OklahomaReal Salt Lake
69.4%
Has 20,000-21,000 capicityReal Salt Lake
69.4%
One of First 5 current expansion teamsReal Salt Lake
69.4%
Hint Answer % Correct
In a state that borders Missouri or OklahomaSporting Kansas City
61.1%
One of First 5 current expansion teamsToronto FC
61.1%
Has only won once the Supporter's Shield and is still currentSporting Kansas City
61.1%
Has 20,000-21,000 capicityD.C.United
58.3%
Has 20,000-21,000 capicityNew England Revolution
55.6%
One of First 5 current expansion teamsSeattle Sounders FC
55.6%
Has only won once the Supporter's Shield and is still currentSeattle Sounders FC
55.6%
Has 20,000-21,000 capicityMontreal Impact
44.4%
Remove Ads.
Support Sporcle.
Get the best of Sporcle when you Go Orange. This ad-free experience offers more features, more stats, and more fun while also helping to support Sporcle. Thank you for becoming a member.

You're not logged in!

Compare scores with friends on all Sporcle quizzes.
OR
Log In

Show Comments

Extras

Created Sep 10, 2017ReportNominate
Tags:beside, chicago, fire, MLS, team

Top Quizzes Today


Score Distribution

Your Account Isn't Verified!

In order to create a playlist on Sporcle, you need to verify the email address you used during registration. Go to your Sporcle Settings to finish the process.

Report this User

Report this user for behavior that violates our Community Guidelines.

Details: